| 000 -CABECERA |
| campo de control de longitud fija |
01258nam a2200229 i 4500 |
| 005 - FECHA Y HORA DE LA ÚLTIMA TRANSACCIÓN |
| campo de control |
20250415124208.0 |
| 008 - DATOS DE LONGITUD FIJA--INFORMACIÓN GENERAL |
| campo de control de longitud fija |
250415s1998 pe fr 000 0 spa d |
| 040 ## - FUENTE DE LA CATALOGACIÓN |
| Centro catalogador/agencia de origen |
CENDOC CAAAP |
| Lengua de catalogación |
spa |
| Centro/agencia transcriptor |
CAAAP |
| 041 ## - CÓDIGO DE LENGUA |
| Código de lengua del texto/banda sonora o título independiente |
spa |
| 050 ## - SIGNATURA TOPOGRÁFICA DE LA BIBLIOTECA DEL CONGRESO |
| Número de clasificación |
RM 666.B59 |
| Número de documento/Ítem |
I57 |
| 100 1# - ENTRADA PRINCIPAL--NOMBRE DE PERSONA |
| 9 (RLIN) |
5419 |
| Nombre personal |
Silva Delgado, Hermann |
| 500 ## - NOTA GENERAL |
| Especificación de materiales |
Monografía etnobotánica |
| Nota general |
Publicación que forma parte de la serie sobre plantas medicinales amazónicas. Presenta datos científicos y tradicionales sobre el uso de la Bixa orellana (achiote), incluyendo estudios fitoquímicos y aplicaciones terapéuticas. |
| 520 ## - NOTA DE RESUMEN |
| Resumen |
Desarrolla los aspectos de agrobotánica, especidicaciones de calidad, toxicología, famacología, ensayos clínicos e información para la prescripción del Bixa orellana L. comunmente conocido como Achiote. |
| 245 10 - MENCIÓN DE TÍTULO |
| Título |
Bixa orellana L. / |
| Mención de responsabilidad, etc. |
Hermann, Silva Delgado |
| 250 ## - MENCIÓN DE EDICIÓN |
| Mención de edición |
1ra. ed. |
| 260 #1 - PUBLICACIÓN, DISTRIBUCIÓN, ETC. |
| Lugar de publicación, distribución, etc. |
Iquitos, Perú : |
| Nombre del editor, distribuidor, etc. |
Instituto de Medicina Tradicional, |
| -- |
Instituto Peruano de Seguridad Social, |
| Fecha de publicación, distribución, etc. |
1998 |
| 300 ## - DESCRIPCIÓN FÍSICA |
| Extensión |
66 p. ; |
| Dimensiones |
23 x 17 cm |
| 490 1# - MENCIÓN DE SERIE |
| Mención de serie |
(Serie Monografía de Plantas Medicinales, 2) |
| 650 10 - PUNTO DE ACCESO ADICIONAL DE MATERIA--TÉRMINO DE MATERIA |
| 9 (RLIN) |
378 |
| Término de materia o nombre geográfico como elemento de entrada |
Plantas medicinales |
| Subdivisión general |
Bixa orellana |
| Subdivisión geográfica |
Amazonía |
| -- |
Perú |
| 650 20 - PUNTO DE ACCESO ADICIONAL DE MATERIA--TÉRMINO DE MATERIA |
| 9 (RLIN) |
5269 |
| Término de materia o nombre geográfico como elemento de entrada |
Etnobotánica |
| Subdivisión general |
Medicina tradicional |
| Subdivisión geográfica |
Amazonía |
| -- |
Perú |
| 942 ## - ELEMENTOS PERSONALIZADOS KOHA |
| Fuente del sistema de clasificación o colocación |
|
| Fecha de catalogación |
15/04/2025 |
| Tipo de ítem Koha |
Libros |